Fundamentals of Molecular Spectroscopy / (Record no. 691)

000 -LEADER
fixed length control field 00711nam a2200229 a 4500
008 - FIXED-LENGTH DATA ELEMENTS--GENERAL INFORMATION
fixed length control field 191015r19952011ii a|||g |||| 001 0 eng d
020 ## - INTERNATIONAL STANDARD BOOK NUMBER
International Standard Book Number 9780074620250
Terms of availability Rs. 250.00
040 ## - CATALOGING SOURCE
Original cataloging agency IMU Kochi Library
Language of cataloging eng
041 0# - LANGUAGE CODE
Language code of text/sound track or separate title eng
044 ## - COUNTRY OF PUBLISHING/PRODUCING ENTITY CODE
MARC country code India
082 04 - DEWEY DECIMAL CLASSIFICATION NUMBER
Edition number 23
Classification number 543.54
Item number B2287
100 1# - MAIN ENTRY--PERSONAL NAME
Personal name Banwell, Colin N.
245 10 - TITLE STATEMENT
Title Fundamentals of Molecular Spectroscopy /
260 ## - PUBLICATION, DISTRIBUTION, ETC. (IMPRINT)
Place of publication, distribution, etc New Delhi :
Name of publisher, distributor, etc Tata McGraw Hill Education Private Limited,
Date of publication, distribution, etc 1995, reprinted 2011
300 ## - PHYSICAL DESCRIPTION
Extent xii, 308 p. :
Other physical details ill. ;
Dimensions 24 cm.
504 ## - BIBLIOGRAPHY, ETC. NOTE
Bibliography, etc Includes index.
650 #0 - SUBJECT ADDED ENTRY--TOPICAL TERM
Topical term or geographic name as entry element Spectrum analysis
General subdivision Molecular spectroscopy
Form subdivision Textbooks
700 1# - ADDED ENTRY--PERSONAL NAME
Personal name McCash, Elaine M.
Relator term Joint Author
852 ## - LOCATION/CALL NUMBER
Location IMU Kochi Library
904 ## - LOCAL DATA ELEMENT D, LDD (RLIN)
CATALOGER Shine Joy
942 ## - ADDED ENTRY ELEMENTS (KOHA)
Item type Books
Holdings
Withdrawn status Lost status Source of classification or shelving scheme Damaged status Not for loan Collection code Permanent location Current location Shelving location Date acquired Source of acquisition Cost, normal purchase price Full call number Barcode Date last seen Koha item type Public note
          Chemistry IMU Kochi Library IMU Kochi Library General Stacks 2011-04-26 Educational Publishers & Distributors (Inv. No. IN9 2011-04-26) 250.00 543.54 B2287 BK000021 2019-10-15 Books Gen. Shelf-10, Row-2


Copyright © All Rights Reserved by Indian Maritime University, Kochi Campus.
For any Suggestions/Query Contact to library or Email: library.kochi@imu.ac.in Ph:(0484)-2989402
(Web OPAC Designed by Rudra Ranjan. Maintained by IMU Kochi Library)

Powered by Koha